| 000 | 00348nam a2200133Ia 4500 | ||
|---|---|---|---|
| 005 | 20260328104345.0 | ||
| 008 | 260328s9999||||xx |||||||||||||| ||und|| | ||
| 100 | _aGoldberger, Paul | ||
| 245 | 0 |
_aBuilding Art the Life and Work of Frank Gehry / _cPaul Goldberger |
|
| 260 | _bKnopf | ||
| 300 | _a513 p. | ||
| 650 | _aGehry, Frank O. | ||
| 942 | _cBK | ||
| 999 |
_c12297 _d12297 |
||